|
|
|
|
| LEADER |
01314nam a2200361 a 4500 |
| 001 |
EBC477194 |
| 003 |
MiAaPQ |
| 005 |
20200520144314.0 |
| 006 |
m o d | |
| 007 |
cr cn||||||||| |
| 008 |
090313s2009 njua sb 001 0 eng |
| 010 |
|
|
|z 2009009969
|
| 020 |
|
|
|z 9789812834652
|
| 020 |
|
|
|z 9812834656
|
| 035 |
|
|
|a (MiAaPQ)EBC477194
|
| 035 |
|
|
|a (Au-PeEL)EBL477194
|
| 035 |
|
|
|a (CaPaEBR)ebr10361852
|
| 035 |
|
|
|a (CaONFJC)MIL244148
|
| 035 |
|
|
|a (OCoLC)551205635
|
| 040 |
|
|
|a MiAaPQ
|c MiAaPQ
|d MiAaPQ
|
| 050 |
|
4 |
|a HG4530
|b .H38774 2009
|
| 082 |
0 |
4 |
|a 332.64/5
|2 22
|
| 245 |
0 |
0 |
|a Hedge fund alpha
|h [electronic resource] :
|b a framework for generating and understanding investment performance /
|c editor, John M. Longo.
|
| 260 |
|
|
|a Hackensack, NJ :
|b World Scientific,
|c c2009.
|
| 300 |
|
|
|a xviii, 317 p. :
|b ill.
|
| 504 |
|
|
|a Includes bibliographical references and index.
|
| 533 |
|
|
|a Electronic reproduction. Ann Arbor, MI : ProQuest, 2015. Available via World Wide Web. Access may be limited to ProQuest affiliated libraries.
|
| 650 |
|
0 |
|a Hedge funds.
|
| 650 |
|
0 |
|a Investment analysis.
|
| 655 |
|
4 |
|a Electronic books.
|
| 700 |
1 |
|
|a Longo, John M.
|
| 710 |
2 |
|
|a ProQuest (Firm)
|
| 856 |
4 |
0 |
|u https://ebookcentral.proquest.com/lib/matrademy/detail.action?docID=477194
|z Click to View
|